[Event "Villa Ballester op 73rd"]
[Site "Buenos Aires"]
[Date "2024.01.28"]
[Round "9"]
[White "Virzi, Miguel"]
[Black "Salvati, Diego Javier"]
[Result "0-1"]
[WhiteElo "1524"]
[BlackElo "1912"]
[PlyCount "134"]
[EventDate "2024.01.19"]
[EventType "swiss"]
[EventRounds "9"]
[EventCountry "ARG"]
[SourceTitle "CB06_2024"]
[SourceDate "2024.02.07"]
[SourceVersion "1"]
[SourceVersionDate "2024.02.07"]
[SourceQuality "1"]

1. e4 e6 2. d4 d5 3. Bd3 dxe4 4. Bxe4 Nf6 5. Bf3 Be7 6. Ne2 0-0 7. 0-0 c5 8. Be3 Qb6 9. b3 Nd5 10. Bxd5 exd5 11. dxc5 Bxc5 12. Bxc5 Qxc5 13. Nbc3 Rd8 14. Na4 Qa5 15. Nd4 Bd7 16. Nb2 Nc6 17. a4 Rac8 18. Rc1 Qc3 19. Nxc6 Bxc6 20. Nd3 d4 21. Re1 Re8 22. Qg4 Bd5 23. Rxe8+ Rxe8 24. Qd7 Bc6 25. Qf5 f6 26. h4 Qd2 27. Qf4 Qc3 28. Qf5 Qd2 29. Qf4 Qxf4 30. Nxf4 Kf7 31. Rd1 Be4 32. Rxd4 Bxc2 33. Rb4 b6 34. Nd5 Re1+ 35. Kh2 Rb1 36. a5 Rxb3 37. axb6 axb6 38. Rxb6 Rxb6 39. Nxb6 Bb3 40. Nd7 Bc2 41. Nb8 Ke6 42. Nc6 Bd1 43. f4 Kd5 44. Nb4+ Ke4 45. g3 Ba4 46. Na6 Kd4 47. g4 Bd7 48. Kg3 Kc4 49. Nb8 Bb5 50. f5 Kd5 51. Kf4 Kd6 52. g5 Kc7 53. h5 h6 54. gxh6 gxh6 55. Ke4 Kd6 56. Kd4 Be2 57. Ke4 Kc7 58. Ke3 Bb5 59. Kd4 Kxb8 60. Kd5 Be2 61. Ke6 Bxh5 62. Kxf6 Be8 63. Ke7 Ba4 64. Kf6 h5 65. Kg5 Be8 66. f6 Kc7 67. Kf4 Kd6 0-1